Student study guide to accompany Business world 2 / (Record no. 21283)

000 -LEADER
fixed length control field 00520nam a2200193Ia 4500
040 ## - CATALOGING SOURCE
Transcribing agency MIA
082 ## - DEWEY DECIMAL CLASSIFICATION NUMBER
Classification number WCB STU 1987 C278 Or.
100 10 - MAIN ENTRY--AUTHOR NAME
Personal name Kinskey, Jerome
245 10 - TITLE STATEMENT
Title Student study guide to accompany Business world 2 /
260 ## - PUBLICATION, DISTRIBUTION, ETC. (IMPRINT)
Place of publication New York :
Name of publisher Wiley,
Year of publication c1987
300 ## - PHYSICAL DESCRIPTION
Number of Pages vi, 309 p. ;
Dimensions 28 cm
500 ## - GENERAL NOTE
General note Previous ed. by Harold Gray
650 #0 - SUBJECT ADDED ENTRY--TOPICAL TERM
Topical Term Business
650 #0 - SUBJECT ADDED ENTRY--TOPICAL TERM
Topical Term Industrial management
700 10 - ADDED ENTRY--PERSONAL NAME
Personal name Barille, Judy A
700 11 - ADDED ENTRY--PERSONAL NAME
Personal name Gitman, Lawrence J.
700 11 - ADDED ENTRY--PERSONAL NAME
Personal name McDaniel, Carl,
942 ## - ADDED ENTRY ELEMENTS (KOHA)
Koha item type ADB
952 ## - LOCATION AND ITEM INFORMATION (KOHA)
Withdrawn status [LOCAL, KOHA] 0
Holdings
Permanent Location Date acquired Koha item type Lost status Shelving location Barcode Current Location Full call number
Library Block C2023-04-28ADB C278a10732Library Block CWCB STU 1987 C278 Or.
មជ្ឈមណ្ឌលឯការនៃសាកលវិទ្យាល័យភូមិន្ទកសិកម្មចំការដូង

Powered by Koha